| 000 | 01280cam a22003374i 4500 | ||
|---|---|---|---|
| 003 | PE-LiUPU | ||
| 005 | 20250731184057.0 | ||
| 008 | 150623s r 000 0 d | ||
| 035 | _a(Sirsi) a20543 | ||
| 040 |
_aPE-LiUPU _bspa _cPE-LiUPU _erda |
||
| 082 | 0 | 4 |
_a869.56 _bM94A _221 |
| 100 | 1 |
_aMuñoz Castillo, Arnaldo, _eautor. |
|
| 245 | 1 | 0 |
_aAroma de palabra entre mil mundos / _cArnaldo Muñoz Castillo. |
| 264 | 1 |
_aLima : _bGráfica DRE., _c1997. |
|
| 300 |
_a116 páginas : _bilustraciones lams. ; _c20 cm. |
||
| 336 |
_atext _2rdacontent |
||
| 337 |
_aunmediated _2rdamedia |
||
| 338 |
_avolume _2rdacarrier |
||
| 505 | 0 | _aDe la palabra. -De la ausencia. -Del elogio y los rigores. -De la pregunta. -Del amor. | |
| 526 | _aP145 | ||
| 526 | _aP127 | ||
| 526 | _aP97 | ||
| 526 | _aP14 | ||
| 526 | _aP07 | ||
| 650 | 1 | 4 |
_aPoesías peruanas _ySiglo XX. _9872 |
| 942 |
_2ddc _cBOOK |
||
| 949 |
_a869.56 M94A _wDEWEY _c1 _i44035 _lCCODEBUL1 _mBUL _p00.00 _r0 _sY _tBOOK _u2015-06-24 _xEDUCACION _zUNKNOWN _0COMPRA _o.STAFF. Colección General |
||
| 596 | _a1 | ||
| 999 |
_a869.56 M94A _wDEWEY _c20916 _i44035 _f2021-11-9 _g5 _lCCODEBUL1 _mBUL _r0 _sY _tBOOK _u2015-6-24 _xEDUCACION _zUNKNOWN _0COMPRA _o.STAFF. Colección General _d20916 |
||
| 980 |
_81 _gALBERTO SANCHEZ Responsable de Automatización |
||